Fun with Stolen Cars Quiz Stats

 Plays Quiz Updated Feb 28, 2012

Challenge
Share
Tweet
Embed
Score 0/36 Timer 09:00
2 Plays Today
Word/Phrase Car % Correct
_ALAP_ÑO   P__PERJeep
92.2%
_AST-F__WAR_Ford
89.8%
C_CKER   S_ANI__Opel
87.2%
PA__ST_NKia
85.8%
PI_   _F   __UR   S_OM_CHToyota
84%
RE____ING   DO_RVolvo
83.8%
__KE   RE___V___ONSMaserati
82.7%
TO_S   _ND   ____Saturn
80.5%
CH_ISTM_S   TI_ERam
80.3%
RE___ENCE LIB____ANFerrari
79.7%
_AM_   E_C__ELexus
79.7%
LON__N   BRI___Dodge
79.5%
S___T_   __ANN_LPorsche
78.9%
_ANT_   B_R_ARASaab
77.7%
_N_G   AS  A   _UG  IN   _   __GSubaru
77%
_UT   __   _HE   R_GHT   TR__KPontiac
77%
COU_H   _EDI_INEGMC
76.1%
__T   YO__   _GEAcura
76%
Word/Phrase Car % Correct
DY_FUN_T___Scion
75.3%
__LLA__AISE   S_UCEHonda
75%
DOU_LE-Q____Buick
74.4%
RE_-HE_D_D   ___DPECKERDaewoo
74.4%
__EUTENA_T   ___O_ELLincoln
71.5%
FA_L_PIAN   __BE_Lotus
71.4%
_ASON-D_XO_   L_NEMINI
70.5%
__WRE__E   OF   ARAB__Lancia
64.2%
_B_   _HAB_Audi
62.5%
_B_   _GEN_Fiat
61.3%
RECO_NA______CENissan
59%
_ANTA__EIGHTBMW
58%
CO_PUT__   SE___IT_Mercury
53.9%
EAS__R   I___NDTesla
53.1%
C__RCH   _E_B__Hummer
42%
_ECH_NI_E_   W_RFAREMazda
41%
LADY   __ATTE_LE_'_   _OV__Chrysler
33.8%
___SY   _I_L__Daimler
12.1%

You're not logged in!

Compare scores with friends on all Sporcle quizzes.
Join for Free
OR
Log In

You Might Also Like...

Show Comments

Extras

Top Quizzes Today


Score Distribution

Your Account Isn't Verified!

In order to create a playlist on Sporcle, you need to verify the email address you used during registration. Go to your Sporcle Settings to finish the process.

Report this User

Report this user for behavior that violates our Community Guidelines.

Details: